000 00606nam a2200217Ii 4500
001 13516
003 CO-ViMGA
008 241108s9999||||xx |||||||||||||| ||und||
020 _a9864264356
040 _aCO-ViMGA
_bspa
_erda
_cCO-ViMGA
041 0 _aspa
082 0 4 _a616.0756 F17q
100 1 _aGuillermo Farias Martinez
_947518
245 1 0 _aQuimica clínica
264 1 _aMéxico : El Manual Moderno, 1988
300 _avolumen
336 _atext
_btxt
_2rdacontent
337 _aunmediated
_bn
_2rdamedia
338 _avolume
_bnc
_2rdacarrier
940 _aidficha_siabuc: 13218. -- ficha_no_siabuc:13516
999 _c42119
_d42119